000 00834nam a2200301Ia 4500
008 160803s9999 xx 000 0 und d
020 _a9780545033527
100 _aMcGhee, Allison
245 _aJulia Gillian (and the quest for joy) /
245 _cby Alison McGhee ; with pictures by Drazen Kozjan.
260 _aNew York :
260 _bScholastic Inc.
260 _c2010
300 _a312 pages :
300 _billustrations ;
300 _c20 cm
650 _aBest friends --
650 _aFamilies -- Minnesota -- Minneapolis --
650 _aFriendship --
650 _aSchool children --
650 _aSchools --
650 _xJuvenile fiction.
650 _xJuvenile fiction.
650 _xJuvenile fiction.
650 _xJuvenile fiction.
650 _xJuvenile fiction.
700 _a820
999 _c299801
_d299801